Manual de relaciones humanas (Record no. 122771)

MARC details
000 -LEADER
campo de control de longitud fija 00813nam a2200205 i 4500
001 - NÚMERO DE CONTROL
campo de control 122771
003 - IDENTIFICADOR DE NÚMERO DE CONTROL
campo de control ES-MaACL
005 - FECHA Y HORA DE LA ÚLTIMA TRANSACCIÓN
campo de control 20250826064959.0
007 - CAMPO FIJO DE DESCRIPCIÓN FÍSICA--INFORMACIÓN GENERAL
campo de control de longitud fija t|
008 - DATOS DE LONGITUD FIJA--INFORMACIÓN GENERAL
campo de control de longitud fija 070214s1967 sp r ||||1| spa d
100 1# - ENTRADA PRINCIPAL--NOMBRE DE PERSONA
Nombre de persona Puigvert Calderón de la Barca, Alfredo.
9 (RLIN) 94311
245 10 - MENCIÓN DEL TÍTULO
Título Manual de relaciones humanas
Resto del título : su aplicación práctica en al empresa española /
Mención de responsabilidad, etc. Alfredo Puigvert Calderón de la Barca.
260 ## - PUBLICACIÓN, DISTRIBUCIÓN, ETC.
Lugar de publicación, distribución, etc. Madrid :
Nombre del editor, distribuidor, etc. Aguilar,
Fecha de publicación, distribución, etc. 1967.
300 ## - DESCRIPCIÓN FÍSICA
Extensión XVI, 374 p. ;
Dimensiones 22 cm.
490 1# - MENCIÓN DE SERIE
Mención de serie Biblioteca de Económia. Organización y Problemas de la Empresa
650 #7 - PUNTO DE ACCESO ADICIONAL DE MATERIA--TÉRMINO DE MATERIA
Término de materia o nombre geográfico como elemento de entrada Relaciones interpersonales en el trabajo
Fuente del encabezamiento o término embne
9 (RLIN) 165747
830 0# - PUNTO DE ACCESO ADICIONAL DE SERIE-TÍTULO UNIFORME
Título uniforme Biblioteca de Económia. Organización y Problemas de la Empresa
9 (RLIN) 181610
852 ## - LOCALIZACIÓN
Ubicación ES-MaACL
Número de control de estantería C-33260
Sublocalización o colección R.63530
Holdings
Estatus retirado Estado de pérdida Estado de daño No para préstamo Biblioteca de origen Biblioteca actual Ubicación en estantería Fecha de adquisición Fuente de adquisición Total de préstamos Signatura topográfica completa Código de barras Visto por última vez Precio de reemplazo Tipo de ítem Koha
        Biblioteca del Ateneo de Madrid Biblioteca del Ateneo de Madrid Depósito 2 17/01/2008     C-33260 1127927 23/02/2023 23/02/2023 Libro impreso